les plus belles mères de france - Statistiques

Statistiques générales
  • Ce quiz a été pris 33 fois
    29 depuis la dernière actualisation
  • Le résultat moyen est 3 sur 10
Statistiques - réponses
Hint Réponse % Correct
maman de swann laure
55%
maman de gaspar marie
45%
belle maman de yanis stephanie
45%
maman de gabin laurence
36%
maman de nino nathalie
32%
maman de raphael aurelie
27%
maman de mathis sonia
27%
maman de robin estelle
23%
maman de momo najima
9%
maman de mario miahela
5%
Aucun quiz correspondant
Distribution des résultats
% des personnes avec chaque résultat
Percentile par nombre de réponses
Votre historique - résultats
Vous n’avez pas pris ce quiz depuis la dernière actualisation